Protest in post-Independence Indian English fiction/ (Record no. 10318)
[ view plain ]
| 000 -LEADER | |
|---|---|
| fixed length control field | 01022 a2200265 4500 |
| 003 - CONTROL NUMBER IDENTIFIER | |
| control field | dpl |
| 005 - DATE AND TIME OF LATEST TRANSACTION | |
| control field | 2011090205175.0 |
| 008 - FIXED-LENGTH DATA ELEMENTS--GENERAL INFORMATION | |
| fixed length control field | 110902t xxu||||| |||| 00| 0 eng d |
| 010 ## - LIBRARY OF CONGRESS CONTROL NUMBER | |
| LC control number | ENG-89230 |
| 020 ## - INTERNATIONAL STANDARD BOOK NUMBER | |
| Terms of availability | 395.00 |
| International Standard Book Number | 818523423X |
| 035 ## - SYSTEM CONTROL NUMBER | |
| System control number | EN-72763 |
| 035 ## - SYSTEM CONTROL NUMBER | |
| System control number | G-001377 |
| 037 ## - SOURCE OF ACQUISITION | |
| Source of stock number/acquisition | DBAD / PUB |
| 040 ## - CATALOGING SOURCE | |
| Transcribing agency | dpl |
| 082 14 - DEWEY DECIMAL CLASSIFICATION NUMBER | |
| Classification number | 883.08 |
| 100 1# - MAIN ENTRY--PERSONAL NAME | |
| Personal name | Sharma ,Krishana |
| 9 (RLIN) | 34161 |
| 245 1# - TITLE STATEMENT | |
| Title | Protest in post-Independence Indian English fiction/ |
| Statement of responsibility, etc | by Krishana Sharma |
| 260 ## - PUBLICATION, DISTRIBUTION, ETC. (IMPRINT) | |
| Place of publication, distribution, etc | Jaipur |
| Name of publisher, distributor, etc | M.R International |
| Date of publication, distribution, etc | 2007(repr) |
| 270 ## - ADDRESS | |
| Address | o-16,Malviya Marg |
| City | Jaipur |
| Postal code | 110006 |
| Telephone number | 2378828 |
| 300 ## - PHYSICAL DESCRIPTION | |
| Extent | 182.xiii p. |
| Dimensions | 22cm.(Hb) |
| 500 ## - GENERAL NOTE | |
| General note | Includes bibliographical references |
| 942 ## - ADDED ENTRY ELEMENTS (KOHA) | |
| Institution code [OBSOLETE] | dpl |
| Koha item type | English Books |
| Call number prefix | SHA |
| Source of classification or shelving scheme | Dewey Decimal Classification |
| Classification part | 883.08 |
| Withdrawn status | Lost status | Source of classification or shelving scheme | Damaged status | Not for loan | Collection code | Home library | Current library | Date acquired | Cost, normal purchase price | Total Checkouts | Full call number | Barcode | Date last seen | Copy number | Uniform Resource Identifier | Cost, replacement price | Source of acquisition | Price effective from | Koha item type |
|---|---|---|---|---|---|---|---|---|---|---|---|---|---|---|---|---|---|---|---|
| Dewey Decimal Classification | Non-fiction | D.B.Act.Division | D.B.Act.Division | 15/09/2008 | 395.00 | 883.08 | EN-72763 | 15/09/2008 | 1 | 11366 | 12.00 | ||||||||
| Dewey Decimal Classification | Non-fiction | Janak Puri | Janak Puri | 02/09/2011 | 395.00 | 883.08 | G-001377 | 02/09/2011 | 1 | 395.00 | bppd/gift | 02/09/2011 | English Books |
